[Event "Campeonato de Aragon por Equipos 2009"]
[Site "Aragon"]
[Date "2009.04.19"]
[Round "11.6"]
[White "Glavina Rossi Pablo"]
[Black "Ramon Perez Jose Luis"]
[Result "1-0"]
[WhiteElo "2465"]
[BlackElo "2315"]

1.e4 e6 2.d3 d5 3.Qe2 Nf6 4.Nf3 Be7 5.g3 O-O 6.Bg2 c5 7.O-O Nc6 8.e5 Nd7 9.c4
dxc4 10.dxc4 Nd4 11.Nxd4 cxd4 12.Nd2 Qb6 13.Nf3 Rd8 14.Rd1 Nf8 15.b3 a5 16.Bb2
Bc5 17.Rd3 a4 18.Qe4 axb3 19.axb3 Rxa1+ 20.Bxa1 Qa7 21.Bxd4 Bxd4 22.Rxd4 Qa1+
23.Bf1 Rxd4 24.Qxd4 Qa3 25.Qb6 f6 26.exf6 gxf6 27.Qc7 Qa8 28.Nd2 Bd7 29.Ne4
Qa1 30.Qxb7 Qe5 31.b4 Ba4 32.Nc5 Bd1 33.Qe4 Qd6 34.Qd3 1-0

[Event "Campeonato de Aragon por Equipos 2009"]
[Site "Aragon"]
[Date "2009.04.19"]
[Round "11.7"]
[White "Remiro Juste Fernando Jose"]
[Black "Moreno Gracia Daniel"]
[Result "1-0"]
[WhiteElo "2314"]
[BlackElo "2212"]

1.d4 Nf6 2.Bg5 e6 3.e4 c5 4.d5 d6 5.Nc3 Be7 6.Bb5+ Bd7 7.Bxd7+ Qxd7 8.Nf3 e5
9.a4 Na6 10.O-O O-O 11.Bxf6 Bxf6 12.Nd2 Nc7 13.Nc4 Rab8 14.Qd3 b6 15.Nb5 Ne8
16.Qh3 Qe7 17.Rfb1 a6 18.Nc3 Qc7 19.Qd3 Rc8 20.Qh3 Rb8 21.Ne2 g6 22.Ra3 Bg7
23.Qh4 Bf6 24.Qg3 Ng7 25.Qe3 Qd8 26.f4 Re8 27.Rf1 Nh5 28.Qf3 Rb7 29.f5 Rf8 30.
Qg4 Ng7 31.fxg6 fxg6 32.Raf3 Rbf7 33.Nc3 Be7 34.Rxf7 Rxf7 35.Rxf7 Kxf7 36.Qh3
Kg8 37.b3 Bf8 38.Ne3 h5 39.Qg3 Kh7 40.Qf3 Be7 41.Qf7 Qe8 42.Qf1 Qc8 43.Nc4 Qb8
44.Qf7 Bf8 45.h3 g5 46.Ne3 b5 47.axb5 axb5 48.Nf5 b4 49.Ne2 Qe8 50.Qf6 Nxf5
51.Qxf5+ Qg6 52.Qxf8 Qxe4 53.Qf7+ Kh6 54.Ng3 1-0

[Event "Campeonato de Aragon por Equipos 2009"]
[Site "Aragon"]
[Date "2009.04.19"]
[Round "11.8"]
[White "Labena Bernal Antonio"]
[Black "Valiente Gimenez Jose Luis"]
[Result "0-1"]
[WhiteElo "2002"]
[BlackElo "2117"]

1.e4 c5 2.c3 Nf6 3.e5 Nd5 4.d4 cxd4 5.cxd4 Nc6 6.Nf3 d6 7.Bc4 Nb6 8.Bb3 e6 9.
Qe2 Be7 10.O-O d5 11.a3 Bd7 12.Bd2 Rc8 13.Rc1 a6 14.Qd3 h6 15.Bd1 Nc4 16.Bc3
Na7 17.b3 Na5 18.Bxa5 Qxa5 19.Rxc8+ Nxc8 20.Qc3 Qb6 21.b4 Na7 22.Nbd2 Qd8 23.
Nb3 b6 24.Be2 Nb5 25.Qb2 O-O 26.Rc1 Qb8 27.Ne1 Rc8 28.f3 Bg5 29.Rxc8+ Qxc8 30.
Kf2 Nc3 31.Qc2 Nxe2 32.Qxc8+ Bxc8 33.Kxe2 Bd7 34.Nd3 Kf8 35.f4 Be7 36.Kd2 Ke8
37.Kc3 Kd8 38.Nb2 g5 39.fxg5 Bxg5 40.Nd2 Bb5 41.Nf3 Bc1 42.Nd2 Ke7 43.Kc2 Bxd2
44.Kxd2 f6 45.Ke3 fxe5 46.dxe5 Kf7 47.Kd4 Kg6 48.a4 Be2 49.Ke3 Bf1 50.g4 Kg5
51.Kd4 Kxg4 52.Nd1 Kh3 53.Ne3 Be2 54.a5 bxa5 55.bxa5 Kxh2 56.Nc2 Kg3 57.Ke3
Bb5 58.Nd4 Bd7 59.Ne2+ Kg4 60.Kd4 Kf3 61.Ng1+ Kf2 62.Nh3+ Kg3 63.Ng1 Bb5 64.
Ke3 d4+ 65.Ke4 Kg2 0-1

[Event "Campeonato de Aragon por Equipos 2009"]
[Site "Aragon"]
[Date "2009.04.25"]
[Round "12.1"]
[White "Baron Rodriguez Jesus"]
[Black "Llorente Zaro Alfonso"]
[Result "1-0"]
[WhiteElo "2422"]
[BlackElo "2403"]

1.e4 e5 2.Nf3 Nc6 3.d4 exd4 4.Nxd4 g6 5.Nc3 Bg7 6.Be3 d6 7.Qd2 Nf6 8.f3 O-O 9.
O-O-O Nxd4 10.Bxd4 Be6 11.g4 c5 12.Be3 Qa5 13.g5 Nd7 14.a3 Ne5 15.Be2 Bc4 16.
f4 Bxe2 17.Qxe2 Nc6 18.Rd3 Rfe8 19.Qg2 Bxc3 20.Rxc3 Qa4 21.e5 dxe5 22.Rf1 Nd4
23.fxe5 Nf5 24.Bxc5 Qb5 25.Re1 Rad8 26.Qe4 b6 27.Bf2 Rd5 28.a4 Qd7 29.b3 Rd2
30.Rd3 Rxd3 31.Qxd3 Qe7 32.h4 Rd8 33.Qc4 Ng7 34.e6 Nxe6 35.Kb2 Qd7 36.Qe4 Qd2
37.Re2 Qd6 38.Qc4 Qd7 39.Be3 Qd5 40.Qxd5 Rxd5 41.Rd2 Re5 42.Bf2 Rf5 43.Bg3 h6
44.gxh6 Kh7 45.Rd7 Kxh6 46.Rxa7 Kh5 47.Rb7 Kg4 48.Be1 Rf1 49.Bc3 Kxh4 50.Rxb6
g5 51.a5 Rd1 52.a6 Rd8 53.b4 Ra8 54.Be5 g4 55.b5 Nc5 56.Rb8 Rxb8 57.Bxb8 g3
58.Ka3 Nd7 59.Ba7 f5 60.Bd4 1-0

[Event "Campeonato de Aragon por Equipos 2009"]
[Site "Aragon"]
[Date "2009.04.25"]
[Round "12.2"]
[White "Ramon Perez Jose Luis"]
[Black "Baron Rodriguez Jorge"]
[Result "1-0"]
[WhiteElo "2315"]
[BlackElo "2346"]

1.e4 c5 2.Nc3 Nc6 3.Bb5 Nd4 4.Bc4 g6 5.Nf3 Bg7 6.Nxd4 cxd4 7.Qf3 e6 8.Nb5 d6
9.Qa3 Be5 10.d3 d5 11.exd5 exd5 12.O-O Be6 13.Re1 Bb8 14.Nc7+ Kd7 15.Bb5+ Kc8
1-0

[Event "Campeonato de Aragon por Equipos 2009"]
[Site "Aragon"]
[Date "2009.04.25"]
[Round "12.3"]
[White "Forcen Esteban Daniel"]
[Black "Remiro Juste Fernando Jose"]
[Result "1-0"]
[WhiteElo "2169"]
[BlackElo "2314"]

1.e4 g6 2.Nc3 Bg7 3.d4 c6 4.Bg5 d5 5.e5 f6 6.exf6 exf6 7.Bf4 Nh6 8.Qd2 Nf7 9.
h4 O-O 10.O-O-O b5 11.Kb1 Nd7 12.Qe3 Nb6 13.Qg3 b4 14.Nce2 Nc4 15.Nc1 Nfd6 16.
Bxc4 Nxc4 17.h5 g5 18.h6 Rf7 19.hxg7 gxf4 20.Qxf4 Rxg7 21.Rh6 Rg4 22.Qh2 Bf5
23.Nf3 Qf8 24.Qh5 Bg6 25.Qxg4 Qxh6 26.Qe6+ Bf7 27.Qxc6 Re8 28.Nd3 a5 29.Nde5
Nxe5 30.dxe5 Kg7 31.Qc7 Qf4 32.exf6+ Qxf6 33.Qxa5 Re2 34.Qc7 Kh8 35.Qb8+ Kg7
36.Qa7 Qg6 37.Nd4 Re8 38.f3 Kg8 39.g4 Qf6 40.Nf5 Bg6 41.Qd4 Qxd4 42.Nxd4 h5
43.gxh5 Bxh5 44.b3 Kf7 45.Kb2 Rg8 46.Nc6 Ke6 47.Rd3 Rf8 48.Nxb4 Bxf3 49.a4 Be4
50.Rd2 Ra8 51.Ka3 Ke5 52.Nc6+ Kd6 53.Nd4 Kc5 54.b4+ Kc4 55.Nb5 1-0

[Event "Campeonato de Aragon por Equipos 2009"]
[Site "Aragon"]
[Date "2009.04.25"]
[Round "12.4"]
[White "Valiente Gimenez Jose Luis"]
[Black "Antolin Concha Diego"]
[Result "0-1"]
[WhiteElo "2117"]
[BlackElo "2122"]

1.e4 c5 2.Nf3 d6 3.d4 Nf6 4.Nc3 cxd4 5.Nxd4 a6 6.Be3 e5 7.Nf3 Qc7 8.a4 b6 9.
Nd5 Nxd5 10.Qxd5 Bb7 11.Qb3 Be7 12.Bxb6 Qc6 13.Nd2 Nd7 14.Be3 O-O 15.Bc4 Qc7
16.O-O Nf6 17.f3 Rab8 18.a5 d5 19.exd5 Bxd5 20.Qa2 Qc6 21.b3 Bb4 22.Qa4 Bxd2
23.Bxd2 Qc5+ 24.Rf2 Bxc4 25.Qxc4 Qxc4 26.bxc4 Rfc8 27.Be3 Rxc4 28.Rd2 h6 29.
Bb6 e4 30.Rad1 exf3 31.gxf3 Kh7 32.Kf2 Rbc8 33.Rc1 Kg6 34.Ke2 Kf5 35.Be3 h5
36.Rg1 g6 37.Kd1 Ke6 38.Re1 Kf5 39.Bd4 Nh7 40.Re5+ Kf4 41.Re7 Ng5 42.Be3+ Kxf3
43.Bxg5 R4c5 44.Re3+ Kg4 45.Rg2+ Kf5 46.h4 Rd5+ 47.Kc1 Rc4 48.Rf2+ Kg4 49.Re1
Rxa5 50.Bf6 Rf5 51.Rg1+ Kh3 52.Rxf5 gxf5 53.Kd2 f4 54.Kd3 Rc6 55.Bg5 f3 56.c4
f2 57.Rc1 Kg2 58.Rc2 Rd6+ 59.Kc3 Re6 60.Kd4 Kg1 61.Rc1+ Re1 0-1

[Event "Campeonato de Aragon por Equipos 2009"]
[Site "Aragon"]
[Date "2009.04.25"]
[Round "12.6"]
[White "Fuentes Espuna Juan Antonio"]
[Black "Hernandez Delgado Gabriel"]
[Result "0-1"]
[WhiteElo "1899"]
[BlackElo "2023"]

1.c4 d6 2.Nc3 e5 3.g3 Nc6 4.Bg2 g6 5.b4 Nxb4 6.Qa4+ Nc6 7.Rb1 Qd7 8.Nd5 Bg7 9.
d3 Nge7 10.Bh6 O-O 11.Bxg7 Kxg7 12.Nxe7 Qxe7 13.Nf3 Nd8 14.O-O c6 15.Nd2 Bg4
16.Rfe1 Qd7 17.Ne4 Bf5 18.Nc3 a6 19.Rb6 Rc8 20.Reb1 Rc7 21.Qb3 Qe7 22.Qb2 Qf6
23.h3 h5 24.Rf1 Re8 25.f4 e4 26.dxe4 Qd4+ 27.Kh2 Bc8 28.e3 Qf6 29.e5 dxe5 30.
Nd5 Qd6 31.c5 Qd7 32.fxe5 Ne6 33.Nxc7 Qxc7 34.Qc3 Qe7 35.Rb2 Qxc5 36.Qb3 Qxe5
37.Rbf2 Re7 38.h4 f5 39.Qc4 Nc5 40.Rc2 Ne4 41.Rf4 Be6 42.Qb4 Bd5 43.Bxe4 Bxe4
44.Rd2 Bd5 45.Re2 Be4 46.Rff2 Rd7 47.Re1 c5 48.Qb6 c4 49.Rc1 c3 50.Qb4 Rc7 51.
a4 b5 52.axb5 axb5 53.Ra2 Qc5 54.Qa5 b4 55.Qa4 Qc4 56.Qa5 Qc5 57.Qa4 Bd5 58.
Rac2 Ra7 59.Qe8 Be4 60.Re2 b3 61.Rd1 Qe7 62.Qb8 Rb7 63.Qc8 Rc7 64.Qb8 c2 65.
Qxb3 cxd1=Q 66.Qxd1 Qc5 67.Qa1+ Qc3 68.Qa4 Qc1 69.Qd4+ Kh7 0-1

[Event "Campeonato de Aragon por Equipos 2009"]
[Site "Aragon"]
[Date "2009.04.25"]
[Round "12.7"]
[White "De la Riva Fernandez Eduardo"]
[Black "Landa Galindo Victor"]
[Result "1/2-1/2"]
[WhiteElo "1972"]
[BlackElo "1882"]

1.e4 e6 2.d4 d5 3.Nd2 dxe4 4.Nxe4 Nd7 5.Nf3 Ngf6 6.Bg5 Be7 7.Nxf6+ Bxf6 8.Bxf6
Qxf6 9.Bd3 O-O 10.O-O c5 11.Re1 cxd4 12.Nxd4 e5 13.Nf3 Re8 14.Bb5 Re7 15.Qd5
Qe6 16.Rad1 Qxd5 17.Rxd5 f6 18.c4 a6 19.Ba4 Nb6 20.Rd8+ Kf7 21.Bb3 Be6 22.Rxa8
Nxa8 23.Kf1 Rc7 24.Nd2 Nb6 25.Rc1 Ke7 26.Rc3 Nd7 27.Bc2 h6 28.b4 Nb6 29.Bb3
Bd7 30.c5 Bb5+ 31.Ke1 Na4 32.Rg3 g5 33.Bc4 Bd7 34.Be2 b6 35.Bxa6 bxc5 36.b5 c4
37.Nb1 c3 38.Nxc3 Rxc3 39.Rxc3 Nxc3 40.b6 Kd6 41.Bc4 Kc6 42.Kd2 Ne4+ 43.Ke3
Nc5 44.g3 Kxb6 45.f4 Kc6 46.fxe5 fxe5 47.h4 Kd6 48.hxg5 hxg5 49.Kf3 Be6 50.Be2
Kd5 51.a3 Kd4 52.Bb5 e4+ 53.Kf2 Bb3 54.Bc6 e3+ 55.Ke1 Ba4 56.Bf3 Ne4 57.g4 Bd7
58.Bd1 Nf6 59.a4 Nxg4 60.a5 Bc6 61.Bxg4 Ke4 62.a6 Kf4 63.Bc8 Bb5 64.Bb7 Bxa6
65.Bxa6 1/2-1/2

[Event "Campeonato de Aragon por Equipos 2009"]
[Site "Aragon"]
[Date "2009.04.25"]
[Round "12.8"]
[White "Palacian Javier"]
[Black "Requena Munguira Jorge"]
[Result "1/2-1/2"]
[WhiteElo "1867"]
[BlackElo "1859"]

1.e4 c6 2.d4 d5 3.exd5 cxd5 4.c4 Nf6 5.Nf3 Qc7 6.Ne5 Nc6 7.Nxc6 Qxc6 8.b3 Bf5
9.Be2 dxc4 10.bxc4 Qxg2 11.Bf3 Qg6 12.Bxb7 Bc2 13.Qf3 Be4 14.Bc6+ Kd8 15.Bxe4
Qxe4+ 16.Qxe4 Nxe4 17.Nd2 Nxd2 18.Bxd2 Rb8 19.Ke2 e6 20.Rab1 Bd6 21.Ba5+ Kd7
22.c5 Bc7 23.Bxc7 Kxc7 24.Kd3 Kc6 25.Kc4 Rhd8 26.Rb3 Rxb3 27.axb3 e5 28.dxe5
Rd5 29.Re1 Rxc5+ 30.Kd4 Rd5+ 31.Kc4 Rc5+ 32.Kd4 Rd5+ 33.Kc4 Rc5+ 34.Kd4 Rd5+
1/2-1/2

[Event "Campeonato de Aragon por Equipos 2009"]
[Site "Aragon"]
[Date "2009.04.25"]
[Round "12.9"]
[White "Fernandez Rubio Rafael"]
[Black "Forcen Esteban Victor"]
[Result "1/2-1/2"]
[WhiteElo "2025"]
[BlackElo "1989"]

1.e4 c5 2.Nf3 d6 3.d4 cxd4 4.Qxd4 a6 5.Be3 Nc6 6.Qb6 Qxb6 7.Bxb6 Nb4 8.Kd2 Nf6
9.Nc3 g6 10.Re1 Bh6+ 11.Kd1 Bd7 12.a3 Nc6 13.Nd5 Nxd5 14.exd5 Nb8 15.Bc7 Kf8
16.Bd8 e6 17.Bc4 e5 18.Bc7 Ke7 19.Nxe5 dxe5 20.Bxe5 Rc8 21.Bg7+ Kd6 22.Be5+
Kc5 23.Bb3 Bf5 24.c3 Nd7 25.Bd4+ Kd6 26.f3 Bd3 27.g3 a5 28.f4 a4 29.Ba2 b5 30.
Re3 Bc4 31.Bxc4 bxc4 32.Rhe1 Bf8 33.Kc2 Nc5 34.Bxc5+ Kxc5 35.Re5 Kd6 36.f5 Ra7
37.f6 Bh6 38.h4 Ra5 39.g4 Bf4 40.R5e4 Bg3 41.R1e3 Bxh4 42.Re7 Bxf6 43.Rxf7 Bg5
44.Rh3 h6 45.Rg7 Rxd5 46.Rxg6+ Kc5 47.Rf3 Rb8 48.Rf2 Re8 49.Kb1 Kb5 50.Ka2 Re4
51.Rf7 Re7 52.Rf8 Rb7 53.Rc8 Re5 54.Rgc6 Re2 55.Rc5+ Kb6 56.Rxc4 Bc1 57.Rb4+
Ka7 58.Rxa4+ Kb6 1/2-1/2

[Event "Campeonato de Aragon por Equipos 2009"]
[Site "Aragon"]
[Date "2009.04.25"]
[Round "12.10"]
[White "Anton Caturla Sergio"]
[Black "Vera Jimenez Andres"]
[Result "1/2-1/2"]
[WhiteElo "1877"]
[BlackElo "2014"]

1.e4 c5 2.Nc3 e6 3.f4 Nc6 4.Nf3 g6 5.d4 cxd4 6.Nxd4 a6 7.Be2 Bg7 8.Be3 Nge7 9.
O-O d5 10.Bf3 dxe4 11.Nxc6 Qxd1 12.Raxd1 Nxc6 13.Nxe4 O-O 14.c3 e5 15.fxe5
Nxe5 16.Bc5 Nxf3+ 17.gxf3 Re8 18.Nd6 Re5 19.Nxc8 Rxc8 20.Bd4 Re2 21.Bxg7 Kxg7
22.Rf2 Rce8 23.Rdf1 Kf6 24.Kg2 Kf5 25.Rd1 R8e7 26.Rd5+ R2e5 27.Rd1 g5 28.Kg3
h5 29.Rdf1 f6 30.Kg2 Re2 31.Rd1 R2e5 32.Rdf1 Re3 33.Rd1 Kg6 34.Kf1 g4 35.Kg2
Kg5 36.Rd5+ f5 37.fxg4 hxg4 38.Rdxf5+ Kg6 39.R5f4 Kg5 40.Rf7 Kg6 41.Rxe7 Rxe7
42.Rd2 Kg5 43.c4 Kh4 44.c5 Re5 45.Rc2 Re7 46.b4 Re4 47.a4 Rxb4 48.c6 bxc6 49.
Rxc6 Rxa4 50.Rh6+ Kg5 51.Rh8 Ra5 52.Rg8+ Kf4 53.Rf8+ Rf5 54.Ra8 a5 55.Kf2 Kg5+
56.Kg2 Kf4 57.Kf2 Kg5+ 58.Kg3 Rf3+ 59.Kg2 Rf5 60.Kg3 Rf3+ 61.Kg2 Rf5 62.Rg8+
Kf4 63.Kf2 Rh5 64.Rf8+ Rf5 65.Ra8 Kg5+ 66.Kg2 Kf4 67.Kf2 Kg5+ 68.Ke2 Kf4 69.
Kf2 Kg5+ 1/2-1/2

[Event "Campeonato de Aragon por Equipos 2009"]
[Site "Aragon"]
[Date "2009.04.25"]
[Round "12.11"]
[White "Sierra Aguerri Joaquin"]
[Black "Sarrio Pablo"]
[Result "1-0"]
[WhiteElo "1990"]
[BlackElo "1849"]

1.e4 c6 2.Nf3 d5 3.exd5 cxd5 4.Ne5 Nf6 5.d4 e6 6.Nd2 Be7 7.c3 Qc7 8.Bd3 Nc6 9.
f4 Bd7 10.Qe2 g6 11.Ndf3 Nh5 12.Bc2 f5 13.O-O Nf6 14.c4 Ne4 15.Bd2 O-O 16.Rac1
Rac8 17.Bb3 Qd6 18.Be3 a6 19.a3 Na5 20.c5 Qc7 21.Nxd7 Nxb3 22.Nxf8 Nxc1 23.Qc2
Bxf8 24.Rxc1 b6 25.b4 b5 26.a4 Bh6 27.Ne5 Ra8 28.Qb3 Bg7 29.Nf3 h6 30.Rc2 Kh7
31.Ra2 Ra7 32.Qd3 Rb7 33.g3 Bf8 34.Bd2 Bg7 35.axb5 axb5 36.Ra5 Qc6 37.Be3 Bf6
38.Qa3 Qc7 39.Ra6 Qe7 40.Qa5 Nc3 41.Rb6 Qc7 42.Ra6 Qe7 43.Kg2 Bg7 44.Ra8 Qd7
45.Qd8 1-0

[Event "Campeonato de Aragon por Equipos 2009"]
[Site "Aragon"]
[Date "2009.04.25"]
[Round "12.12"]
[White "Galvez Rubio David"]
[Black "Sancho Casale Jesus"]
[Result "1-0"]
[WhiteElo "1816"]
[BlackElo "1901"]

1.e4 e5 2.Bc4 Nf6 3.d3 c6 4.Nf3 Bc5 5.Nc3 O-O 6.O-O d6 7.a4 Bb6 8.Bg5 Nbd7 9.
h3 Nc5 10.Nh2 Ne6 11.Bxe6 Bxe6 12.Kh1 h6 13.Bh4 g5 14.Bg3 Kg7 15.Qe2 Nd7 16.
Qh5 f5 17.exf5 Bxf5 18.Ne4 Bg6 19.Qe2 Qe7 20.Rae1 Nf6 21.Nxf6 Rxf6 22.Ng4 Rf7
23.f3 Raf8 24.Nf2 h5 25.Ne4 Bc7 26.Nd2 Bf5 27.f4 gxf4 28.Bxf4 Bg4 29.Qe4 Bf5
30.Qe3 Qf6 31.Bg5 Qg6 32.Nf3 Bb6 33.Qd2 Bxh3 34.gxh3 Rxf3 35.Rxf3 Rxf3 36.Qg2
Qf5 37.Bf4+ Kf6 38.Qxf3 exf4 39.Re8 Kg7 40.Re4 Kg6 41.Rxf4 Qg5 42.Qg2 Be3 43.
Rf1 Qxg2+ 44.Kxg2 a5 45.Rf8 b6 46.Rc8 c5 47.Rc6 Kf5 48.Kf3 Bf4 49.Rxb6 Be5 50.
c3 Bf4 51.Ra6 Bc1 52.Rxd6 Ke5 53.Ra6 Bxb2 54.Rxa5 Kd5 55.d4 Ba3 56.Rxc5+ Bxc5
57.dxc5 Kxc5 58.Kf4 1-0

[Event "Campeonato de Aragon por Equipos 2009"]
[Site "Aragon"]
[Date "2009.04.25"]
[Round "12.13"]
[White "Malo Guillen Jose Luis"]
[Black "Sanmartin Agustin Alvaro"]
[Result "1-0"]
[WhiteElo "2162"]
[BlackElo "1958"]

1.d4 Nf6 2.c4 g6 3.Nc3 Bg7 4.e4 d6 5.f3 O-O 6.Be3 Na6 7.Qd2 c5 8.Nge2 Re8 9.
Rd1 Qa5 10.Nc1 cxd4 11.Bxd4 Nc5 12.Be2 Ne6 13.Be3 Qh5 14.O-O b6 15.f4 Qh4 16.
f5 Nc5 17.fxg6 hxg6 18.Bg5 Qh8 19.Rf4 Nh7 20.Rh4 Bxc3 21.bxc3 Qe5 22.Be3 Nxe4
23.Rxe4 Qxe4 24.Bf3 Qxc4 25.Bxa8 Be6 26.Bf3 Rc8 27.Bd4 Bf5 28.Ne2 Nf8 29.Be3
Ne6 30.Bb7 Rc7 31.Bd5 Qg4 32.Rf1 Be4 33.Nf4 Ng5 34.c4 e5 35.Bxe4 exf4 36.Bxf4
Nxe4 37.Qd4 Qe6 38.Rc1 g5 39.Be3 Qe5 40.Qd3 f5 41.Bd4 Qe6 42.Bb2 Rh7 43.Rf1
Rf7 44.Qh3 Rh7 45.Qd3 Qh6 46.Qd5+ Rf7 47.Rxf5 Qg6 48.Rxf7 Qxf7 49.Qxe4 Qc7 50.
Qg6+ Kf8 51.Ba3 1-0

[Event "Campeonato de Aragon por Equipos 2009"]
[Site "Aragon"]
[Date "2009.04.25"]
[Round "12.14"]
[White "Colom Sienes Eduardo"]
[Black "Alonso Blasco Jose Miguel"]
[Result "0-1"]
[WhiteElo "1937"]
[BlackElo "2098"]

1.e4 c6 2.d4 d5 3.Nc3 dxe4 4.Nxe4 Nf6 5.Nxf6+ gxf6 6.Ne2 Bg4 7.Qd3 Bh5 8.Nf4
Bg6 9.Nxg6 hxg6 10.Bf4 Nd7 11.O-O-O Qa5 12.a3 O-O-O 13.b4 Qa4 14.Be2 Nb6 15.c4
e6 16.Rd2 Bh6 17.Bxh6 Rxh6 18.Qf3 Rh4 19.Bd1 Qa6 20.b5 Qa5 21.bxc6 Rhxd4 22.
cxb7+ Kb8 23.Rc2 Rd3 24.Qxf6 Qxa3+ 25.Qb2 Qxb2+ 26.Rxb2 Nxc4 27.Rb4 Rc3+ 28.
Kb1 Rd2 29.Ba4 a5 30.Rxc4 Rxc4 31.Be8 Rb4+ 32.Ka1 Rbb2 33.Bxf7 Ra2+ 34.Kb1
Rdb2+ 35.Kc1 Rxf2 36.Bxg6 Ra1+ 37.Bb1 a4 38.Rd1 a3 39.Rd8+ Kxb7 40.Rd7+ Kc8
41.Rd3 Rb2 42.Rxa3 Raxb1# 0-1

[Event "Campeonato de Aragon por Equipos 2009"]
[Site "Aragon"]
[Date "2009.04.25"]
[Round "12.15"]
[White "Mombiela de Sus Jose Luis"]
[Black "Sacristan Latorre Alberto"]
[Result "1/2-1/2"]
[WhiteElo "1957"]
[BlackElo "1916"]

1.Nf3 Nf6 2.e3 g6 3.d4 Bg7 4.Bd3 d6 5.b3 O-O 6.Bb2 Nbd7 7.c4 Re8 8.Nc3 e5 9.
Qc2 exd4 10.Nxd4 Nc5 11.Be2 a5 12.a3 Bg4 13.O-O Bxe2 14.Ndxe2 Nfe4 15.Nxe4
Nxe4 16.Bxg7 Kxg7 17.Nc3 Nxc3 18.Qxc3+ Qf6 19.Qxf6+ Kxf6 20.Rfd1 a4 21.b4 Re4
22.Rac1 Rd8 23.Rd3 Rde8 24.c5 dxc5 25.Rxc5 c6 26.Kf1 R8e5 27.Rc2 Ke6 28.Ke2
Rd5 29.f3 Ree5 30.e4 f5 31.Ke3 Rxd3+ 32.Kxd3 Kd6 33.Rc4 fxe4+ 34.fxe4 b6 35.
Rd4+ Ke7 36.Ke3 g5 37.g3 h6 38.Kf3 Re6 39.Ke3 1/2-1/2

[Event "Campeonato de Aragon por Equipos 2009"]
[Site "Aragon"]
[Date "2009.04.25"]
[Round "12.16"]
[White "Iglesias Fernandez Luis"]
[Black "Morato Garcia Jesus"]
[Result "0-1"]
[WhiteElo "1772"]
[BlackElo "1825"]

1.d4 Nf6 2.Nf3 e6 3.e3 b6 4.Bd3 Bb7 5.Nbd2 d5 6.O-O Be7 7.b3 O-O 8.Bb2 Nbd7 9.
Ne5 Rc8 10.f4 Ne4 11.Ndf3 f6 12.Ng4 c5 13.Nd2 Qc7 14.Rf3 Nxd2 15.Qxd2 c4 16.
Bxh7+ Kxh7 17.Rh3+ Kg8 18.Qe2 Bd6 19.Nh6+ gxh6 20.Qh5 Rf7 21.Qxh6 Rg7 22.Rf1
Kf7 23.Rff3 Rcg8 24.g3 cxb3 25.cxb3 Qc2 26.Rf2 Qb1+ 27.Kg2 Ba6 28.Qh5+ Ke7 29.
Rh4 Bd3 30.g4 Bg6 31.Qh6 Be4+ 32.Kh3 Qg1 33.Rd2 Rxg4 0-1

[Event "Campeonato de Aragon por Equipos 2009"]
[Site "Aragon"]
[Date "2009.04.25"]
[Round "12.17"]
[White "Temprano Mateos Luis Jose"]
[Black "Donoso Sanchez Alejandro"]
[Result "0-1"]
[WhiteElo "2164"]
[BlackElo "2022"]

1.e4 c5 2.Nf3 e6 3.d3 Nc6 4.g3 g6 5.Bg2 Bg7 6.O-O Nge7 7.Re1 O-O 8.c3 d6 9.
Nbd2 e5 10.Nf1 h6 11.h4 Be6 12.N3h2 Qd7 13.h5 f5 14.hxg6 Nxg6 15.Qh5 Nce7 16.
Bxh6 f4 17.Bg5 Bf6 18.Bf3 Kf7 19.Bxf6 Kxf6 20.Bg4 Rh8 21.Bxe6 Qxe6 22.Qg4 Rag8
23.Qxe6+ Kxe6 24.Nf3 fxg3 25.fxg3 Nf4 26.d4 Nh3+ 27.Kg2 Ng6 28.d5+ Kd7 29.N3h2
Ngf4+ 30.Kf3 Ng5+ 31.Kf2 Nd3+ 32.Ke3 Nxe1 33.Rxe1 Nh7 34.Re2 Nf6 35.Rf2 Ke7
36.Kd3 Rh3 37.Nf3 Nh5 38.Rh2 Rxh2 39.N1xh2 Rxg3 40.Kc4 Rg2 41.b3 Rxa2 42.Ng4
Nf6 43.Nxf6 Kxf6 44.Nh4 Rf2 45.b4 b6 46.Kb5 Kg5 47.Nf5 Rxf5 48.exf5 e4 0-1

[Event "Campeonato de Aragon por Equipos 2009"]
[Site "Aragon"]
[Date "2009.04.25"]
[Round "12.18"]
[White "Sanmiguel Mateo Luis"]
[Black "Sicilia Ruiz Manuel"]
[Result "0-1"]
[WhiteElo "1967"]
[BlackElo "2153"]

1.d4 d6 2.Nf3 Nd7 3.e4 c6 4.Be2 g6 5.O-O Bg7 6.Nbd2 d5 7.e5 e6 8.Nb3 b6 9.Bg5
Ne7 10.Qd2 h6 11.Bh4 Bb7 12.c3 g5 13.Bg3 Ng6 14.Bd3 Qe7 15.a4 a6 16.Qc2 Ngf8
17.Nfd2 c5 18.dxc5 Nxc5 19.c4 Nxd3 20.Qxd3 Ng6 21.Qe3 h5 22.f3 h4 23.Bf2 Bxe5
24.Qxb6 Bc7 25.Qd4 dxc4 26.Qxc4 Bd5 27.Qc2 O-O 28.Ne4 Rfb8 29.Nbc5 Be5 30.Rab1
Rc8 31.g3 f5 32.Nd2 hxg3 33.hxg3 g4 34.b4 Qh7 35.Qd3 Qh3 36.Rfe1 Bxg3 37.Bxg3
Qxg3+ 38.Kf1 Nf4 0-1

[Event "Campeonato de Aragon por Equipos 2009"]
[Site "Aragon"]
[Date "2009.04.25"]
[Round "12.19"]
[White "Carruez Berges Santiago"]
[Black "Muniz Vicente Juan Luis"]
[Result "0-1"]
[WhiteElo "2124"]
[BlackElo "1841"]

1.Nf3 d5 2.c4 Nf6 3.g3 e6 4.Bg2 Be7 5.O-O Nbd7 6.b3 O-O 7.Bb2 c6 8.Qc2 Re8 9.
d3 Nf8 10.Nbd2 Ng6 11.e4 h6 12.e5 Nd7 13.h4 Bf8 14.Rfe1 Nc5 15.Nd4 Na6 16.h5
Ne7 17.N2f3 Bd7 18.a3 Nc7 19.b4 a6 20.a4 Rc8 21.a5 Nf5 22.Qd2 Ne7 23.Nh4 g5
24.hxg6 Nxg6 25.Nhf3 Bg7 26.Nb3 Rb8 27.Bd4 f6 28.exf6 Bxf6 29.Qxh6 Bxd4 30.
Nfxd4 Qf6 31.Nc5 Bc8 32.Na4 Rf8 33.Ra2 e5 34.Nf3 Bf5 35.Nb6 Rbd8 36.cxd5 Nxd5
37.Nxd5 Rxd5 38.Ng5 Rd7 39.Ne4 Qf7 40.Rd2 Rd4 41.Re3 Qg7 42.Qxg7+ Kxg7 43.Nc5
Rxb4 44.Rxe5 Rb1+ 45.Bf1 Nxe5 0-1

[Event "Campeonato de Aragon por Equipos 2009"]
[Site "Aragon"]
[Date "2009.04.25"]
[Round "12.20"]
[White "Juni Pardos Marcos"]
[Black "Larrosa Moles Marcos"]
[Result "0-1"]
[WhiteElo "1753"]
[BlackElo "1873"]

1.e4 e5 2.Nf3 Nc6 3.Bc4 Bc5 4.d3 Nf6 5.O-O d6 6.Be3 Bxe3 7.fxe3 O-O 8.Qe1 Ne7
9.Nbd2 c6 10.Bb3 Ng6 11.Kh1 d5 12.exd5 cxd5 13.e4 dxe4 14.Nxe4 Nd5 15.Nc3 Nxc3
16.Qxc3 Be6 17.Bxe6 fxe6 18.Qb3 Qd5 19.Rae1 Rf5 20.Qxd5 exd5 21.d4 e4 22.Ng1
Raf8 23.Rxf5 Rxf5 24.Ne2 Rf2 25.Kg1 e3 26.g3 h5 27.Nc3 Rxc2 28.Re2 Rxe2 29.
Nxe2 Ne7 30.Kg2 Nf5 31.Kf3 Kf7 32.h4 Kf6 33.Kf4 g6 34.a4 b6 35.b4 a6 36.b5
axb5 37.axb5 Nd6 38.Kxe3 Nxb5 39.Nf4 Nc7 40.Nd3 Kf5 41.Kf3 Ne6 42.Nb4 Nxd4+
43.Ke3 Ne6 44.Nxd5 Kg4 45.Nxb6 Kxg3 46.Nd7 Kxh4 47.Ne5 g5 48.Kf2 Kh3 49.Kg1
Kg3 50.Nd3 h4 51.Nf2 h3 52.Nh1+ Kf3 53.Kh2 g4 54.Ng3 Nd4 55.Nh5 Ne2 56.Ng3
Nxg3 57.Kg1 0-1

[Event "Campeonato de Aragon por Equipos 2009"]
[Site "Aragon"]
[Date "2009.04.25"]
[Round "12.21"]
[White "Gavin Roche Enrique"]
[Black "Rudenco Arthur"]
[Result "0-1"]
[WhiteElo "2278"]
[BlackElo "2136"]

1.d4 d5 2.c4 e6 3.Nc3 dxc4 4.e4 c5 5.Nf3 a6 6.Bxc4 b5 7.Bb3 Bb7 8.O-O Nf6 9.e5
Nd5 10.Bg5 Nxc3 11.bxc3 Qb6 12.a4 Nd7 13.d5 c4 14.dxe6 Qxe6 15.Bc2 h6 16.Bh4
Bc5 17.Qe2 O-O 18.Be4 Bxe4 19.Qxe4 b4 20.cxb4 Bxb4 21.Bg3 Nc5 22.Qc2 Rfd8 23.
Rac1 Nd3 24.Qxc4 Nxc1 25.Qxc1 Rac8 26.Qb1 a5 27.Nh4 Rc4 28.Nf5 Bc3 29.Nd6 Rxa4
30.Qc2 Ra3 31.f4 Bb4 32.f5 Qd5 33.Qe2 Bc5+ 34.Kh1 Ra2 35.Qf3 Qxf3 36.gxf3 Bxd6
37.exd6 a4 38.Rc1 a3 39.f6 gxf6 40.Rc7 Rb2 0-1

[Event "Campeonato de Aragon por Equipos 2009"]
[Site "Aragon"]
[Date "2009.04.25"]
[Round "12.22"]
[White "Naya Sancho Jose Ignacio"]
[Black "Van Ojik Mark"]
[Result "0-1"]
[WhiteElo "2084"]
[BlackElo "2204"]

1.e4 e5 2.d4 exd4 3.Bc4 d5 4.exd5 Bc5 5.Nf3 Qe7+ 6.Be2 Nf6 7.O-O O-O 8.Bg5 h6
9.Bh4 Bf5 10.Re1 Qd6 11.Bc4 Nbd7 12.Nxd4 Bg4 13.Be2 Qf4 14.Bxf6 Nxf6 15.Nf3
Bxf3 16.Bxf3 Ng4 17.Bxg4 Bxf2+ 18.Kf1 Bxe1+ 19.Kxe1 Rfe8+ 20.Be2 Rxe2+ 21.Qxe2
Qc1+ 22.Kf2 Qxb2 23.c3 Qxa1 24.Qc2 b5 25.Nd2 b4 26.Ne4 Re8 27.Qe2 Kf8 28.Qc4
Qb2+ 29.Kf3 bxc3 30.Qc5+ Kg8 31.Qxc3 Qxa2 32.Qc6 Qa3+ 33.Qc3 Qxc3+ 34.Nxc3 a5
35.g3 f6 36.h3 Re5 37.h4 h5 38.Kf4 Kf8 39.g4 hxg4 40.Kxg4 a4 41.Nb5 Rxd5 42.
Nxc7 Re5 0-1

[Event "Campeonato de Aragon por Equipos 2009"]
[Site "Aragon"]
[Date "2009.04.25"]
[Round "12.23"]
[White "Lopez Guaita Fernando"]
[Black "Andres Terrado Miguel Angel"]
[Result "0-1"]
[WhiteElo "2062"]
[BlackElo "2082"]

1.e4 c5 2.Nf3 d6 3.d3 Nc6 4.g3 g6 5.Bg2 Bg7 6.O-O e6 7.c3 Nge7 8.Nbd2 O-O 9.a4
Rb8 10.Re1 a6 11.Nb3 e5 12.Be3 f5 13.exf5 Nxf5 14.Bg5 Bf6 15.Bxf6 Qxf6 16.Nbd2
Qd8 17.Qb3+ Kg7 18.Ne4 h6 19.Rad1 b5 20.axb5 Rxb5 21.Qc2 Be6 22.c4 Rb7 23.Nc3
Nfd4 24.Nxd4 Nxd4 25.Qc1 Bg4 26.Rd2 Nb3 27.Qc2 Nxd2 28.Qxd2 Qb8 29.Rb1 Bf3 30.
Bxf3 Rxf3 31.Kg2 Qf8 32.Nd5 Rb3 33.Rd1 Rfxd3 34.Qxd3 Rxd3 35.Rxd3 Qf5 36.Re3
h5 37.h4 a5 38.b3 Qc2 39.Rc3 Qb2 40.Kg1 a4 41.bxa4 Qa1+ 42.Kg2 Qxa4 43.Kg1
Qd1+ 44.Kg2 Qe2 45.Kg1 Kf7 46.Kg2 Ke6 47.Rc1 Kf5 48.Rc3 e4 49.Ne3+ Ke5 50.Nd5
Kd4 51.Rc1 Qd2 52.Rc3 Qxc3 53.Nxc3 Kxc3 54.f4 exf3+ 55.Kxf3 Kxc4 0-1